000 00815nam a2200253 i 4500
001 35378
003 ES-MaACL
005 20230906155121.0
007 t|
008 030212s1963 sp d ||||1| spa d
080 _a016:82
080 _a929:82
245 0 0 _aDiccionario de autores de todos los tiempos y de todos los países /
_cGonzález Porto, Bompiani.
246 3 _aBompiani
260 _aBarcelona :
_bMontaner y Simón,
_c[1963]
300 _a3 v. :
_blám. col. y n., il. ;
_c24 cm.
650 4 _aLiteratura-
_xBiobibliografías.
_914482
650 4 _aLiteratura-
_vDiccionarios.
_914484
700 1 _aGonzález Porto, José.
_9155126
700 1 _aBompiani, Milano.
_9173777
710 2 _aCasa editrice Valentino Bompiani.
_92481
852 4 _aES-MaACL
_jC-28233-35
852 4 _aES-MaACL
_jC-31554-56
999 _c35378
_d35378